| 000 | 00632nam a2200217Ia 4500 | ||
|---|---|---|---|
| 003 | OSt | ||
| 005 | 20230410150933.0 | ||
| 008 | 210423s2018 xx 000 0 und d | ||
| 020 | _a978-93-85909-60-3 | ||
| 040 | _cAL | ||
| 041 | _aeng | ||
| 082 |
_a628.55 _223 _bRATB |
||
| 100 |
_aRATHOURE (Ashok K) _985512 |
||
| 245 | _aBioremediation: current research and applications | ||
| 260 |
_aNew Delhi _bI K International Publishing House _c2018 |
||
| 300 |
_axx,453 _bHB |
||
| 365 |
_b3995 _cINR |
||
| 650 |
_aEnvironmental Engineering _985513 |
||
| 906 | _aapplications ; Bioremediation: ; current ; research | ||
| 942 |
_2ddc _cBK |
||
| 999 |
_c169562 _d169562 |
||